• 首页
  • 本馆介绍
  • 公告通知
  • 最新文献
  • 馆藏检索
  • 电子资源
  • 读者导购
  • 参考咨询
  • 我的图书馆
  • 登录
  • 详细信息显示
  • 放入我的书架
  • 预约/预借图书
  • 作者相关作品
  • 分类相关作品
  • 丛书相关作品
  • 出版社相关作品

书目信息

  • 表格格式
  • 工作单格式
  • 卡片格式
题名:
探索儿童的绘画世界
    
 
作者: 李甦 著
分册:  
出版信息: 上海   华东师范大学出版社  2017
页数: 126页
开本: 22cm
丛书名: 大夏书系·幼儿心理与发展
单 册:
中图分类: B844.1 , J20-05
科图分类:
主题词: 儿童心理学--绘画心理学
电子资源:
ISBN: 978-7-5675-6288-2
000 01270oam2 2200277 450
001 2180
005 20180522171815.42
010    @a978-7-5675-6288-2@dCNY48.00
100    @a20170802d2017 em y0chiy50 ea
101 0  @achi
102    @aCN@b310000
105    @aa z 000yy
200 1  @a探索儿童的绘画世界@9tan suo er tong de hui hua shi jie@f李甦著
210    @a上海@c华东师范大学出版社@d2017
215    @a126页@c图@d22cm
225 2  @a大夏书系·幼儿心理与发展
307    @a实际页数:127
314    @a李甦,女,教育学硕士,心理学博士,中国科学院心理研究所副研究员,博士生导师。主要研究方向为儿童早期读写与语言发展、儿童绘画心理与教育。著有《学前儿童心理学》,译著《儿童绘画心理学:儿童创造的图画世界》等。
330    @a本书以儿童绘画心理发展与教育的核心问题为导引,结合案例进行细致描述和深入解析,梳理困扰教师、家长及大众有关儿童绘画心理及教育的诸多问题,将科学的理念与实践研究经验传播给大众。本书是国内第一本以儿童心理学和教育学研究为基础,系统阐述儿童绘画心理发展与教育的书籍,是作者多年来从事相关理论研究和实践研究的成果提炼。
461  0 @12001 @a大夏书系·幼儿心理与发展
606 0  @a儿童心理学@x绘画心理学
690    @aB844.1@v5
690    @aJ20-05@v5
701  0 @a李甦@9li su@4著
801  0 @aCN@b91MARC@c20170802
905    @aMuseLib@dB844.1@e2263
    
    探索儿童的绘画世界/李甦著.-上海:华东师范大学出版社,2017
    126页:图;22cm.-(大夏书系·幼儿心理与发展)
    
    
    ISBN 978-7-5675-6288-2:CNY48.00
    本书以儿童绘画心理发展与教育的核心问题为导引,结合案例进行细致描述和深入解析,梳理困扰教师、家长及大众有关儿童绘画心理及教育的诸多问题,将科学的理念与实践研究经验传播给大众。本书是国内第一本以儿童心理学和教育学研究为基础,系统阐述儿童绘画心理发展与教育的书籍,是作者多年来从事相关理论研究和实践研究的成果提炼。
●
相关链接 在E读中查询图书 在五车中查询图书 在当当中查询图书 在豆瓣中查询图书


正题名:探索儿童的绘画世界     索取号:B844.1/2263         预约/预借

序号 登录号 条形码 馆藏地/架位号 状态 备注
1 1108277   211082772   第一样本阅览室/ [索取号:B844.1/2263] 在馆    
2 1108278   211082781   教育系资料室/ [索取号:B844.1/2263] 在馆    
3 1108279   211082790   教育系资料室/ [索取号:B844.1/2263] 在馆    
4 1108280   211082807   第一借阅区/ [索取号:B844.1/2263] 在馆    
唐山师范学院图书馆 欢迎您!
大连网信软件有限公司© 版权所有